000
00417nam a22001217a 4500
040
_c
HS
082
_a
338
110
_a
អង្គការស៊ីដសេ
245
_a
ប្រព័ន្ធដាំដុះកសិកម្មផ្នែកលើដំណាំស្រូវជាមូលដ្ឋាន
260
_a
Cambodia
_b
អង្គការស៊ីដសេ
_c
NA
300
_a
NA
942
_c
KB
999
_c
9469
_d
9469